| 000 | 00522nam a2200181Ia 4500 | ||
|---|---|---|---|
| 003 | OSt | ||
| 005 | 20200512111403.0 | ||
| 008 | 190216s9999||||xx |||||||||||||| ||und|| | ||
| 020 | _a0913321001 | ||
| 040 | _coclc | ||
| 082 |
_a297 _bFAR/A |
||
| 100 |
_aFaruqui, N A _92211 |
||
| 245 | 0 |
_aAhmadiyyat In The Service Of Islam / _cN A Faruqui |
|
| 260 |
_bAhmadiyya Anjuman Isha`At Islam, _c1983. _aLahore: |
||
| 300 | _a150p | ||
| 650 | _aIslamic History | ||
| 942 |
_cBK _2ddc _h297 _iFAR/A _k297 _mFAR/A |
||
| 999 |
_c22186 _d22186 |
||